Catálogo
 En Linea

La investigación en la empresa : (Registro nro. 25615)

Detalles MARC
000 -CABECERA
campo de control de longitud fija 01030nam a2200241 a 4500
001 - NÚMERO DE CONTROL
campo de control 000026123
005 - FECHA Y HORA DE LA ÚLTIMA TRANSACCIÓN
campo de control 20200930024325.0
008 - DATOS DE LONGITUD FIJA--INFORMACIÓN GENERAL
campo de control de longitud fija 110301s1964 sp ad r 000 0 spa d
040 ## - FUENTE DE LA CATALOGACIÓN
Centro catalogador/agencia de origen DO-SdBNP
Lengua de catalogación spa
Centro/agencia transcriptor BNPHHU
041 17 - CÓDIGO DE LENGUA
Código de lengua del texto/banda sonora o título independiente spa
Código de lengua original eng
Fuente del código Código de idioma MARC
082 ## - NÚMERO DE LA CLASIFICACIÓN DECIMAL DEWEY
Número de clasificación nnn
Número de documento/Ítem C551i
049 ## - FONDOS LOCALES (OCLC)
Fondos de biblioteca BNGR
100 1# - ENTRADA PRINCIPAL--NOMBRE DE PERSONA
Nombre de persona Chorafas, Dimitris N.
9 (RLIN) 53083
240 10 - TÍTULO UNIFORME
Título uniforme La fonction de recherche dans l'entreprise
Lenguaje de la obra Espanol.
245 10 - MENCIÓN DE TÍTULO
Título La investigación en la empresa :
Resto del título Dimitris N Chorafas ; traducción del francés por Armando Suárez Franck ; prólogo a la edición española por Vicente Roglá Alter.
260 ## - PUBLICACIÓN, DISTRIBUCIÓN, ETC.
Lugar de publicación, distribución, etc. Madrid :
Nombre del editor, distribuidor, etc. Aguilar,
Fecha de publicación, distribución, etc. 1964.
300 ## - DESCRIPCIÓN FÍSICA
Extensión xii, 273 p. :
Otras características físicas il. ;
Dimensiones 22 cm.
490 1# - MENCIÓN DE SERIE
Mención de serie Biblioteca de economia, organización y problemas de la pmpresa
534 ## - NOTA SOBRE LA VERSIÓN ORIGINAL
Encabezamiento principal del original Título original:
Mención de título del original La fonction de recherche dans l'entreprise
700 1# - PUNTO DE ACCESO ADICIONAL--NOMBRE DE PERSONA
Nombre de persona Suárez Franck, Armando
Término indicativo de función/relación tr.
9 (RLIN) 53084
700 1# - PUNTO DE ACCESO ADICIONAL--NOMBRE DE PERSONA
Nombre de persona Rogla Altet, Vicente
Término indicativo de función/relación pról.
9 (RLIN) 53085
830 #0 - PUNTO DE ACCESO ADICIONAL DE SERIE-TÍTULO UNIFORME
Título uniforme Biblioteca de economia, organización y problemas de la empresa
9 (RLIN) 53086
Existencias
Estado de retiro Estado de pérdida Restricciones de uso No para préstamo Código de colección Localización permanente Ubicación/localización actual Ubicación en estantería Fecha de adquisición Número de inventario Total de préstamos Signatura topográfica completa Código de barras Fecha visto por última vez Precio válido a partir de Tipo de ítem Koha
        Monografías: Libros y Folletos General General En catalogación 01.03.2011 LF1   nnn C551i 26123-10 25.06.2020 25.06.2020 Préstamo en sala

Con tecnología Koha